<?xml version="1.0" encoding="UTF-8"?>
<record
    xmlns:xsi="http://www.w3.org/2001/XMLSchema-instance"
    xsi:schemaLocation="http://www.loc.gov/MARC21/slim http://www.loc.gov/standards/marcxml/schema/MARC21slim.xsd"
    xmlns="http://www.loc.gov/MARC21/slim">

  <leader>00347    a2200109   4500</leader>
  <controlfield tag="001">ART_8730</controlfield>
  <controlfield tag="005">20260410161844.0</controlfield>
  <controlfield tag="008">260409a                                 </controlfield>
  <datafield tag="245" ind1="1" ind2="0">
    <subfield code="a">Un modelo de la distribuci&#xF3;n del ingreso en M&#xE9;xico</subfield>
  </datafield>
  <datafield tag="100" ind1="1" ind2=" ">
    <subfield code="a">Mann, Arthur J.</subfield>
  </datafield>
  <datafield tag="773" ind1="0" ind2=" ">
    <subfield code="t">El trimestre econ&#xF3;mico</subfield>
    <subfield code="g">- Vol. XLVI, N&#xBA; 181 (ene./mar. 1979)</subfield>
    <subfield code="w">REV6933</subfield>
  </datafield>
  <datafield tag="999" ind1=" " ind2=" ">
    <subfield code="c">24409</subfield>
    <subfield code="d">24409</subfield>
  </datafield>
</record>
